Marketing de servicios: un enfoque de integración del cliente a la empresa
Saved in:
| Main Authors: | , |
|---|---|
| Format: | Bog |
| Sprog: | spansk |
| Udgivet: |
Ciudad de México
McGraw-Hill
2002
|
| Udgivelse: | 1a. ed |
| Fag: | |
| Tags: |
Tilføj Tag
Ingen Tags, Vær først til at tagge denne postø!
|
MARC
| LEADER | 00000cam a2200000 a 4500 | ||
|---|---|---|---|
| 001 | UCM3663 | ||
| 003 | CL-VaPUC | ||
| 005 | 20240429110635.0 | ||
| 008 | 020712e20020000MX |||||||||||||||||spa|d | ||
| 999 | |c 300866 |d 300864 | ||
| 020 | |a 9701033256 | ||
| 040 | |c Pontificia Universidad Católica de Valparaíso | ||
| 082 | 0 | 4 | |a 658.8 |b ZEI |2 21 |
| 100 | 0 | |a Zeithaml, Valarie A |e author |9 470394 | |
| 245 | 1 | 0 | |a Marketing de servicios: un enfoque de integración del cliente a la empresa |
| 250 | |a 1a. ed | ||
| 260 | |a Ciudad de México |b McGraw-Hill |c 2002 | ||
| 300 | |a 747 p | ||
| 583 | |a last modification |c 20161202 11:03:32 |k Rodrigo Vera | ||
| 650 | 0 | |a Sector servicios |2 CL-VaPUC |9 888665 |x Aseguramiento de la calidad | |
| 650 | 0 | |a Relaciones con el cliente |9 474175 | |
| 650 | 0 | |a Consumidores |9 888651 |x Conducta | |
| 650 | 0 | |a Análisis de mercado |9 888666 |x Sector servicios | |
| 700 | 0 | |a Bitner, Mary Jo |e author |9 470395 | |
| 942 | |c BK |2 ddc | ||
| 945 | |d 20020712 00:00:00 |a cmena | ||
| 952 | |0 0 |1 0 |4 0 |6 658_800000000000000_ZEI_2002 |7 0 |8 A |9 359242 |a BIBING |b BIBING |d 2019-11-21 |i 3828859 |o 658.8 ZEI 2002 |p 3828859 |r 2025-01-20 |w 2019-11-21 |y BK |k EII | ||
| 952 | |0 0 |1 0 |4 0 |6 658_800000000000000_ZEI_2002 |7 0 |8 R |9 359243 |a BIBENE |b BIBENE |d 2019-11-21 |i 4337913 |o 658.8 ZEI 2002 |p 4337913 |r 2025-01-15 |w 2019-11-21 |y BK_R |k ICO | ||